Statistics for Brand Logo Quiz #1

Click here to take the quiz!

General Stats

  • This quiz has been taken 531 times
  • The average score is 11 of 16

Answer Stats

Answer % Correct
Apple
100%
Pepsi
99%
Coca-Cola
98%
Nike
98%
Cartoon Network
94%
Adidas
94%
Google
86%
Mercedes-Benz
82%
Walmart
78%
IBM
72%
Warner Bros.
72%
Nickelodeon
67%
Windows 10
42%
Showtime Networks
33%
Toyota
25%
Wikimedia Commons
5%

Score Distribution

Percentile by Number Answered

Percent of People with Each Score

Your Score History

You have not taken this quiz